| 000 | 00875nam a22002417a 4500 | ||
|---|---|---|---|
| 999 |
_c1004 _d1004 |
||
| 003 | AR-CdUCM | ||
| 008 | 190226b ||||| |||| 00| 0 spa d | ||
| 020 | _a9688160210 | ||
| 040 |
_aMUNICIPALIDAD PROVINCIAL DEL CUSCO _cBIBLIOTECA MUNICIPAL DEL CUSCO |
||
| 082 |
_a972.009 / _bM28B |
||
| 100 |
_aBarragan, Jose _93905 |
||
| 245 |
_aJuan A. Mateo : _bperiodista liberal / |
||
| 260 |
_aMéxico D.F. ; _bEdiciones Gubernamentales, _c1983, |
||
| 300 |
_a190 páginas ; _c21 cm. |
||
| 440 |
_aDistrito Federal _n3 _93906 |
||
| 505 | _aEl periodista -- Los indígenas de Yucatan -- El día de los difuntos -- Los Jesuitas -- El desamparo de los Jesuitas ... | ||
| 650 |
_aHistoria periodística _93907 |
||
| 650 |
_aPeriodismo liberal _93908 |
||
| 650 |
_aHistoria mexicana _93909 |
||
| 650 |
_aClero mexicano _93910 |
||
| 942 |
_2ddc _cLIBROS |
||
| 945 |
_araen _d2019-02-26 |
||